[Event "Budapest Spring Festival 2019"]
[Site "Budapest"]
[Date "2019.04.11"]
[Round "3.3"]
[White "Nguyen, Piotr"]
[Black "Gopal G.N."]
[Result "0-1"]
[WhiteElo "2427"]
[BlackElo "2589"]
[Annotator "ChessBase"]
[PlyCount "76"]
[EventDate "2019.04.09"]
[EventType "swiss"]
[EventCountry "HUN"]
[SourceTitle "playchess.com"]
[Source "ChessBase"]
[SourceQuality "1"]
[TimeControl "40/5400+30:1800+30"]

1. Nf3 {[%emt 0:00:03]} c5 {[%emt 0:00:04]} 2. c4 {[%emt 0:00:10]} Nc6 {[%emt 0:00:09]} 3. b3 {[%emt 0:00:36]} e5 {[%emt 0:03:00]} 4. Bb2 {[%emt 0:00:16]} d6 {[%emt 0:00:31]} 5. g3 {[%emt 0:00:58]} g6 {[%emt 0:00:09]} 6. Bg2 {[%emt 0:00:06]} Bg7 {[%emt 0:00:05]} 7. O-O {[%emt 0:02:09]} Nge7 {[%emt 0:00:13]} 8. Nc3 {[%emt 0:01:10]} O-O {[%emt 0:00:32]} 9. d3 {[%emt 0:00:23]} h6 {[%emt 0:02:35]} 10. Nd2 {[%emt 0:01:09]} Be6 {[%emt 0:00:31]} 11. a3 {[%emt 0:02:17]} Qd7 {[%emt 0:06:07]} 12. Nd5 {[%emt 0:04:49]} f5 {[%emt 0:17:54]} 13. f4 {[%emt 0:17:29]} Rab8 {[%emt 0:05:49]} 14. Rb1 {[%emt 0:30:23]} Kh7 {[%emt 0:17:05]} 15. b4 {[%emt 0:05:06]} cxb4 {[%emt 0:13:36]} 16. Nxe7 {[%emt 0:01:50]} Nxe7 {[%emt 0:01:28]} 17. axb4 {[%emt 0:00:38]} b5 {[%emt 0:00:14]} 18. fxe5 {[%emt 0:03:09]} dxe5 {[%emt 0:00:24]} 19. Nb3 {[%emt 0:04:59]} bxc4 {[%emt 0:02:56]} 20. Nc5 {[%emt 0:00:09]} Qc8 {[%emt 0:02:03]} 21. Qa4 {[%emt 0:05:19]} Nd5 {[%emt 0:05:39]} 22. Qxa7 {[%emt 0:03:00]} Ra8 {[%emt 0:11:37]} 23. Qxa8 {[%emt 0:00:16]} Qxa8 {[%emt 0:00:17]} 24. Nxe6 {[%emt 0:00:06]} Rc8 {[%emt 0:06:26]} 25. dxc4 {[%emt 0:05:44]} Rxc4 {[%emt 0:01:14]} 26. Nxg7 {[%emt 0:04:43]} Qa7+ {[%emt 0:00:33]} 27. Kh1 {[%emt 0:00:46]} Ne3 {[%emt 0:00:06]} 28. Rfc1 {[%emt 0:00:57]} Qa2 {[%emt 0:02:07]} 29. Bxe5 {[%emt 0:03:30]} Qxe2 {[%emt 0:00:10]} 30. Bh3 {[%emt 0:00:16]} Ng4 {[%emt 0:00:53]} 31. Bxg4 {[%emt 0:00:36]} Qe4+ {[%emt 0:00:28]} 32. Kg1 {[%emt 0:00:05]} Qe3+ {[%emt 0:00:17]} 33. Kg2 {[%emt 0:00:14]} Qd2+ {[%emt 0:00:18]} 34. Kf1 {[%emt 0:03:07]} Rxc1+ {[%emt 0:00:04]} 35. Rxc1 {[%emt 0:00:03]} Qxc1+ {[%emt 0:00:03]} 36. Kf2 {[%emt 0:00:12]} fxg4 {[%emt 0:00:15]} 37. Ne8 {[%emt 0:01:03]} Qd2+ {[%emt 0:00:17]} 38. Kf1 {[%emt 0:00:14]} Qd1+ {[%emt 0:00:03]} 0-1

[Event "Budapest Spring Festival 2019"]
[Site "Budapest"]
[Date "2019.04.11"]
[Round "3.4"]
[White "Srinath, Rao S.V."]
[Black "Aryan Chopra"]
[Result "0-1"]
[WhiteElo "2416"]
[BlackElo "2547"]
[Annotator "ChessBase"]
[PlyCount "116"]
[EventDate "2019.04.09"]
[EventType "swiss"]
[EventCountry "HUN"]
[SourceTitle "playchess.com"]
[Source "ChessBase"]
[SourceQuality "1"]
[TimeControl "40/5400+30:1800+30"]

1. e4 {[%emt 0:00:15]} c5 {[%emt 0:00:08]} 2. c3 {[%emt 0:00:07]} Nf6 {[%emt 0:00:12]} 3. e5 {[%emt 0:00:05]} Nd5 {[%emt 0:00:03]} 4. d4 {[%emt 0:00:05]} cxd4 {[%emt 0:00:25]} 5. Nf3 {[%emt 0:00:05]} Nc6 {[%emt 0:00:12]} 6. cxd4 {[%emt 0:00:05]} d6 {[%emt 0:00:13]} 7. Bc4 {[%emt 0:00:06]} Nb6 {[%emt 0:00:04]} 8. Bb5 {[%emt 0:00:35]} dxe5 {[%emt 0:00:20]} 9. Nxe5 {[%emt 0:00:11]} Bd7 {[%emt 0:00:15]} 10. Nxd7 {[%emt 0:00:06]} Qxd7 {[%emt 0:00:04]} 11. O-O {[%emt 0:00:14]} e6 {[%emt 0:00:10]} 12. Nc3 {[%emt 0:00:05]} Rd8 {[%emt 0:00:24]} 13. Be3 {[%emt 0:00:05]} Be7 {[%emt 0:00:06]} 14. Qg4 {[%emt 0:00:53]} O-O {[%emt 0:00:25]} 15. Rad1 {[%emt 0:01:09]} g6 {[%emt 0:03:40]} 16. Bg5 {[%emt 0:07:08]} h5 {[%emt 0:18:23]} 17. Qh4 {[%emt 0:02:09]} Bxg5 {[%emt 0:00:49]} 18. Qxg5 {[%emt 0:00:05]} Qe7 {[%emt 0:01:22]} 19. Qc5 {[%emt 0:08:01]} Nd5 {[%emt 0:01:55]} 20. Ne4 {[%emt 0:02:29]} Rc8 {[%emt 0:03:59]} 21. Bxc6 {[%emt 0:14:20]} Rxc6 {[%emt 0:00:13]} 22. Qxa7 {[%emt 0:09:00]} Ra6 {[%emt 0:05:49]} 23. Qc5 {[%emt 0:02:05]} Rxa2 {[%emt 0:00:36]} 24. Rd2 {[%emt 0:03:17]} Rfa8 {[%emt 0:06:20]} 25. g3 {[%emt 0:03:30]} R2a4 {[%emt 0:12:06]} 26. Qc2 {[%emt 0:07:00]} Rb4 {[%emt 0:04:41]} 27. Re1 {[%emt 0:04:32]} h4 {[%emt 0:10:16]} 28. Kg2 {[%emt 0:04:02]} Kg7 {[%emt 0:02:07]} 29. Nc3 {[%emt 0:04:01]} Qg5 {[%emt 0:04:09]} 30. Nxd5 {[%emt 0:04:40]} Qxd5+ {[%emt 0:04:03]} 31. Qe4 {[%emt 0:00:16]} Rd8 {[%emt 0:06:19]} 32. Qxd5 {[%emt 0:00:44]} Rxd5 {[%emt 0:00:06]} 33. Re4 {[%emt 0:00:23]} hxg3 {[%emt 0:01:07]} 34. hxg3 {[%emt 0:00:38]} Rd6 {[%emt 0:03:22]} 35. Kf3 {[%emt 0:06:23]} f5 {[%emt 0:01:38]} 36. Re1 {[%emt 0:03:34]} Kf6 {[%emt 0:01:30]} 37. Ke3 {[%emt 0:00:44]} Rdb6 {[%emt 0:04:26]} 38. Rb1 {[%emt 0:00:05]} Ke7 {[%emt 0:01:06]} 39. Kf4 {[%emt 0:02:50]} Kf6 {[%emt 0:00:11]} 40. Ke3 {[%emt 0:00:00]} Rb3+ {[%emt 0:00:00]} 41. Ke2 {[%emt 0:00:09]} Ke7 {[%emt 0:12:44]} 42. Kd1 {[%emt 0:02:03]} Kd6 {[%emt 0:00:18]} 43. Kc2 {[%emt 0:00:55]} g5 {[%emt 0:06:00]} 44. Rd3 {[%emt 0:01:14]} Rxd3 {[%emt 0:01:40]} 45. Kxd3 {[%emt 0:00:04]} Rb3+ {[%emt 0:02:03]} 46. Kc4 {[%emt 0:01:42]} Rf3 {[%emt 0:00:12]} 47. Rf1 {[%emt 0:00:05]} g4 {[%emt 0:01:13]} 48. b4 {[%emt 0:01:39]} f4 {[%emt 0:03:44]} 49. Re1 {[%emt 0:03:28]} Rxf2 {[%emt 0:01:06]} 50. Re4 {[%emt 0:00:03]} Rf1 {[%emt 0:06:58]} 51. Kb5 {[%emt 0:01:21]} Kd5 {[%emt 0:00:48]} 52. Re5+ {[%emt 0:00:14]} Kxd4 {[%emt 0:00:05]} 53. gxf4 {[%emt 0:00:03]} Rxf4 {[%emt 0:00:41]} 54. Rxe6 {[%emt 0:00:04]} Rf5+ {[%emt 0:00:45]} 55. Kb6 {[%emt 0:00:08]} Rg5 {[%emt 0:00:37]} 56. Kxb7 {[%emt 0:03:03]} g3 {[%emt 0:00:08]} 57. Re1 {[%emt 0:01:35]} g2 {[%emt 0:00:10]} 58. Rg1 {[%emt 0:00:22]} Ke5 0-1

[Event "Budapest Spring Festival 2019"]
[Site "Budapest"]
[Date "2019.04.11"]
[Round "3.5"]
[White "Gschnitzer, Adrian"]
[Black "Kantor, Gergely"]
[Result "1/2-1/2"]
[WhiteElo "2380"]
[BlackElo "2505"]
[Annotator "ChessBase"]
[PlyCount "81"]
[EventDate "2019.04.09"]
[EventType "swiss"]
[EventCountry "HUN"]
[SourceTitle "playchess.com"]
[Source "ChessBase"]
[SourceQuality "1"]
[TimeControl "40/5400+30:1800+30"]

1. c4 {[%emt 0:01:05]} Nf6 {[%emt 0:00:07]} 2. Nc3 {[%emt 0:00:09]} e5 {[%emt 0:00:06]} 3. Nf3 {[%emt 0:00:09]} Nc6 {[%emt 0:00:17]} 4. e3 {[%emt 0:00:10]} Bb4 {[%emt 0:00:04]} 5. Qc2 {[%emt 0:00:10]} Bxc3 {[%emt 0:00:05]} 6. Qxc3 {[%emt 0:00:09]} Qe7 {[%emt 0:00:09]} 7. b3 {[%emt 0:00:15]} d5 {[%emt 0:01:55]} 8. d4 {[%emt 0:00:16]} Ne4 {[%emt 0:00:56]} 9. Qb2 {[%emt 0:02:48]} Be6 {[%emt 0:02:05]} 10. Be2 {[%emt 0:12:04]} Qb4+ {[%emt 0:05:36]} 11. Bd2 {[%emt 0:01:27]} Nxd2 {[%emt 0:04:45]} 12. Qxd2 {[%emt 0:00:11]} dxc4 {[%emt 0:05:41]} 13. bxc4 {[%emt 0:01:24]} Qxd2+ {[%emt 0:02:14]} 14. Kxd2 {[%emt 0:02:36]} exd4 {[%emt 0:00:16]} 15. exd4 {[%emt 0:10:48]} O-O-O {[%emt 0:02:48]} 16. Kc3 {[%emt 0:00:11]} Bg4 {[%emt 0:01:31]} 17. Rad1 {[%emt 0:04:04]} Rhe8 {[%emt 0:05:31]} 18. Rd2 {[%emt 0:01:33]} Re4 {[%emt 0:06:18]} 19. d5 {[%emt 0:02:02]} Na5 {[%emt 0:08:23]} 20. Nd4 {[%emt 0:05:45]} c5 {[%emt 0:10:20]} 21. f3 {[%emt 0:04:48]} Rxd4 {[%emt 0:12:09]} 22. fxg4 {[%emt 0:01:52]} Rxd2 {[%emt 0:07:20]} 23. Kxd2 {[%emt 0:00:10]} Kc7 {[%emt 0:02:09]} 24. Kc3 {[%emt 0:04:12]} Re8 {[%emt 0:02:54]} 25. Bd3 {[%emt 0:00:25]} h6 {[%emt 0:00:31]} 26. Rf1 {[%emt 0:02:24]} Re7 {[%emt 0:00:09]} 27. h4 {[%emt 0:03:25]} b6 {[%emt 0:03:26]} 28. g5 {[%emt 0:00:51]} hxg5 {[%emt 0:02:25]} 29. hxg5 {[%emt 0:00:09]} g6 {[%emt 0:01:26]} 30. Rf6 {[%emt 0:11:48]} Nb7 {[%emt 0:01:17]} 31. Rc6+ {[%emt 0:00:33]} Kd7 {[%emt 0:03:42]} 32. Bc2 {[%emt 0:00:17]} Nd8 {[%emt 0:02:37]} 33. Rf6 {[%emt 0:00:41]} Re3+ {[%emt 0:01:08]} 34. Kd2 {[%emt 0:00:12]} Re5 {[%emt 0:04:01]} 35. Ba4+ {[%emt 0:00:27]} Kc8 {[%emt 0:01:13]} 36. Kd3 {[%emt 0:09:43]} Rxg5 {[%emt 0:00:33]} 37. Be8 {[%emt 0:00:05]} Rxg2 {[%emt 0:01:48]} 38. Bxf7 {[%emt 0:00:04]} Nxf7 {[%emt 0:00:29]} 39. Rxf7 {[%emt 0:00:04]} Rxa2 {[%emt 0:00:14]} 40. d6 {[%emt 0:00:00]} Rg2 {[%emt 0:00:00]} 41. Ke4 1/2-1/2

[Event "Budapest Spring Festival 2019"]
[Site "Budapest"]
[Date "2019.04.11"]
[Round "3.6"]
[White "Bashirli, Nail"]
[Black "Arjun Kalyan"]
[Result "1/2-1/2"]
[WhiteElo "2333"]
[BlackElo "2445"]
[Annotator "ChessBase"]
[PlyCount "53"]
[EventDate "2019.04.09"]
[EventType "swiss"]
[EventCountry "HUN"]
[SourceTitle "playchess.com"]
[Source "ChessBase"]
[SourceQuality "1"]
[TimeControl "40/5400+30:1800+30"]

1. e4 {[%emt 0:00:38]} c5 {[%emt 0:00:07]} 2. Nf3 {[%emt 0:00:17]} Nc6 {[%emt 0:00:08]} 3. Nc3 {[%emt 0:00:21]} d6 {[%emt 0:00:38]} 4. d4 {[%emt 0:00:14]} cxd4 {[%emt 0:00:06]} 5. Nxd4 {[%emt 0:00:04]} Nf6 {[%emt 0:00:10]} 6. Bg5 {[%emt 0:00:47]} e6 {[%emt 0:00:42]} 7. Qd2 {[%emt 0:00:28]} a6 {[%emt 0:00:22]} 8. O-O-O {[%emt 0:00:08]} Be7 {[%emt 0:00:10]} 9. f4 {[%emt 0:00:34]} Bd7 {[%emt 0:00:32]} 10. Nf3 {[%emt 0:00:11]} b5 {[%emt 0:00:25]} 11. Bxf6 {[%emt 0:00:47]} gxf6 {[%emt 0:00:03]} 12. Kb1 {[%emt 0:00:16]} Qb6 {[%emt 0:00:16]} 13. Bd3 {[%emt 0:00:14]} O-O-O {[%emt 0:01:32]} 14. Rhe1 {[%emt 0:02:16]} Kb7 {[%emt 0:00:12]} 15. Nd5 {[%emt 0:06:41]} exd5 {[%emt 0:00:16]} 16. exd5 {[%emt 0:00:02]} Ne5 {[%emt 0:00:15]} 17. fxe5 {[%emt 0:00:02]} fxe5 {[%emt 0:00:13]} 18. Qh6 {[%emt 0:05:13]} f5 {[%emt 0:10:29]} 19. Qg7 {[%emt 0:07:45]} Rde8 {[%emt 0:13:48]} 20. Nxe5 {[%emt 0:07:02]} dxe5 {[%emt 0:01:01]} 21. d6 {[%emt 0:00:16]} Rhg8 {[%emt 0:15:05]} 22. Qxh7 {[%emt 0:07:03]} Rh8 {[%emt 0:00:49]} 23. Qg7 {[%emt 0:04:33]} Rhg8 {[%emt 0:00:15]} 24. Qf7 {[%emt 0:02:08]} Rgf8 {[%emt 0:01:15]} 25. Qg7 {[%emt 0:04:30]} Rg8 {[%emt 0:00:01]} 26. Qf7 {[%emt 0:00:58]} Rgf8 {[%emt 0:00:03]} 27. Qg7 {[%emt 0:00:06]} 1/2-1/2

[Event "Budapest Spring Festival 2019"]
[Site "Budapest"]
[Date "2019.04.11"]
[Round "3.7"]
[White "Erdos, Viktor"]
[Black "Skomorokhin, Roman"]
[Result "1-0"]
[WhiteElo "2610"]
[BlackElo "2318"]
[Annotator "TA"]
[PlyCount "81"]
[EventDate "2019.04.09"]
[EventType "swiss"]
[EventCountry "HUN"]
[SourceTitle "playchess.com"]
[Source "ChessBase"]
[SourceQuality "1"]

{[%evp 22,81,50,39,34,31,41,37,27,29,65,59,54,50,60,50,56,39,51,50,53,53,144,162,218,215,247,217,214,166,160,166,142,135,137,141,152,158,314,308,310,310,289,249,561,460,29982,29982,29983,29984,29984,29983,29990,29991,29991,0,29977,0,29991,29992,29993,29994]} 1. Nf3 Nf6 2. c4 b6 3. g3 c5 4. Bg2 Bb7 5. O-O e6 6. Nc3 Be7 7. d4 cxd4 8. Qxd4 O-O 9. Rd1 Nc6 10. Qf4 d6 11. b3 Qb8 12. Bb2 a6 {A30: Symmetrical English: Double Fianchetto and Hedgehog} 13. Ng5 Ne5 14. Bxb7 Qxb7 {White is slightly better.} 15. Nce4 Ng6 16. Qf3 ({Much worse is} 16. Nxd6 $6 Qc7 $11) 16... Nxe4 17. Nxe4 $40 {[%mdl 128] aiming for Nf6+! White has some attack.} Qc7 18. Qc3 {[%csl Gb2][%cal Rc3g7]} f6 19. Rd2 Rfd8 $146 ({Predecessor:} 19... Ne5 20. Rad1 {½-½ (28) Hort,V (2620)-Olafsson,F Tilburg 1977}) 20. Rad1 Qc6 21. Qe3 b5 {[#]} ({Better is} 21... d5 $14 22. cxd5 Rxd5) 22. Nxd6 $1 $16 {[%mdl 512]} e5 (22... Nf8 $142) (22... Rxd6 23. Rxd6) 23. c5 $18 b4 24. Rd5 Rac8 25. Qd2 Bxd6 26. Rxd6 Rxd6 27. cxd6 ({Much less strong is} 27. Qxd6 Qxd6 28. cxd6 Nf8 $14) 27... Qb5 28. a4 bxa3 29. Bxa3 {Threatens to win with d7.} Qxb3 $2 (29... Nf8 $16 {is a better defense.} 30. d7 Rd8) 30. Rc1 Rd8 31. Qa5 Rd7 32. Qxa6 Qa2 $2 (32... h5 {is more resistant.} 33. h4 Kh7) 33. Rc7 Nf8 (33... Qe6 $18) 34. Rxd7 Nxd7 35. Qc8+ {[%mdl 64] [#] Double Attack} Nf8 36. d7 {[%csl Ga3][%cal Rc8f8]} Qb1+ 37. Kg2 {[%csl Ga3][%cal Rc8f8]} Qe4+ 38. Kg1 {[%csl Ga3][%cal Rc8f8]} Qb1+ 39. Kg2 {[%csl Ga3][%cal Rc8f8]} Qe4+ 40. Kh3 {[%csl Ga3][%cal Rc8f8]} Qf5+ 41. g4 {Accuracy: White = 65%, Black = 36%.} 1-0

[Event "Budapest Spring Festival 2019"]
[Site "Budapest"]
[Date "2019.04.11"]
[Round "3.8"]
[White "Markus, Robert"]
[Black "Bronstein, Or"]
[Result "1-0"]
[WhiteElo "2600"]
[BlackElo "2387"]
[Annotator "TA"]
[PlyCount "133"]
[EventDate "2019.04.09"]
[EventType "swiss"]
[EventCountry "HUN"]
[SourceTitle "playchess.com"]
[Source "ChessBase"]
[SourceQuality "1"]

{[%evp 9,133,32,23,37,29,33,31,24,16,19,20,0,0,0,0,8,7,0,-12,-9,0,-72,-56,-64,-35,-85,-83,-82,-78,-116,-101,-104,-101,-106,-72,-60,-65,-56,-30,-67,0,0,0,0,14,16,27,27,23,17,36,35,39,0,0,0,9,0,0,24,93,0,0,0,0,0,0,0,0,0,0,0,8,8,8,12,20,14,18,17,66,14,13,13,188,188,189,164,168,164,165,9,570,525,541,516,473,481,1552,1532,1312,175,852,645,1543,1323,29940,12113,12790,12484,1549,0,7051,6761,6047,5926,5100,5077,4699,1917,4134,1276,29976,29975,29977,29978]} 1. d4 Nf6 2. c4 g6 3. g3 Bg7 4. Bg2 c5 5. dxc5 Qa5+ 6. Nc3 {E60: King's Indian: Unusual lines and Fianchetto Variation without Nc3} Qxc5 7. Qa4 Ng4 8. Nh3 {White is slightly better.} Bxc3+ 9. bxc3 Nc6 10. Qb5 $146 ({Predecessor:} 10. Ba3 Qa5 11. Qxa5 Nxa5 {½-½ (72) Yakubboev,N (2482)-Jones,G (2675) Sharjah 2018}) 10... d6 11. Qxc5 dxc5 12. Rb1 Nge5 13. Nf4 b6 14. Nd5 $1 {[%cal Rd5c7]} Rb8 $1 15. Nc7+ (15. Bh6 $11) 15... Kd8 $17 16. Nb5 {[#] Strongly threatening f4.} Bf5 $1 {[%cal Rf5b1]} 17. Rb2 Rc8 18. Rd2+ Ke8 19. Rd5 Be6 20. Bf4 f6 ({Of course not} 20... Nxc4 $6 21. Rd1 $11) 21. Rd2 Bxc4 22. a4 a6 23. Na3 Be6 24. O-O Na5 ({Better is} 24... Kf7 $15) 25. Bxe5 $1 $11 fxe5 26. Rb2 Bb3 {[#]} 27. Bb7 $1 {[%mdl 512]} Rd8 (27... Nxb7 28. Rxb3) 28. Bxa6 c4 29. f4 Kf7 30. fxe5+ Ke6 31. Nb5 Kxe5 32. Nd4 Rhf8 33. Rf3 Ke4 34. Kf2 {And now Ne6 would win.} Rxf3+ (34... Kd5 $11 {remains equal.}) 35. Nxf3 (35. exf3+ $16 Ke5 36. Re2+ Kf6 37. Re6+ Kf7 38. Rxb6 Bxa4 39. Bb5 Bxb5 40. Rxb5) 35... Rd1 36. Bb5 Kd5 37. Rd2+ Rxd2 38. Nxd2 {[%mdl 4096] Endgame KBN-KBN} Nb7 39. e4+ Kc5 40. Ke3 Nd6 41. Bd7 Bc2 42. Kf4 h6 43. h4 g5+ 44. hxg5 hxg5+ 45. Kxg5 (45. Ke5 $1 $14) 45... Bxe4 46. Kf4 Bd5 $2 (46... Bd3 $11 {and Black stays safe.}) 47. g4 $18 Nf7 48. g5 {g6 is the strong threat.} Kd6 49. Be8 Ke6 50. Nf3 $2 ({White should play} 50. Nf1 $18) 50... Nd8 $2 {[%mdl 8192]} (50... Bxf3 $1 $11 {and Black has nothing to worry.} 51. Bxf7+ Kxf7 52. Kxf3 Kg6) 51. Nd4+ Kd6 {Hoping for ...e5+.} 52. Nf5+ Ke6 53. Ne3 Kd6 (53... Bb7 $142 54. Nxc4 Kd5) 54. Nxd5 Kxd5 {KB-KN} 55. Bd7 $2 (55. Kf5) 55... Kd6 $2 (55... Ne6+ 56. Bxe6+ Kxe6) 56. Bg4 Nc6 57. g6 e5+ 58. Kg5 Ne7 59. Bf3 Ke6 60. Bg4+ $2 (60. Bg2 $18 {Threatens to win with Bh3+.} Ng8 61. Bf1) 60... Kd5 $2 {[%mdl 8192]} (60... Kd6 $11) 61. Bf5 e4 62. Kf4 e3 63. Be4+ Kd6 64. Kxe3 Ke5 65. Kf3 (65. g7 $142 Kf6 66. Kd4) 65... Ng8 66. g7 Kf6 67. Bd5 {Accuracy: White = 59%, Black = 47%.} 1-0

[Event "Budapest Spring Festival 2019"]
[Site "Budapest"]
[Date "2019.04.11"]
[Round "3.9"]
[White "Timofeev, Artyom"]
[Black "Ravi, Teja S."]
[Result "1-0"]
[WhiteElo "2593"]
[BlackElo "2383"]
[Annotator "TA"]
[PlyCount "77"]
[EventDate "2019.04.09"]
[EventType "swiss"]
[EventCountry "HUN"]
[SourceTitle "playchess.com"]
[Source "ChessBase"]
[SourceQuality "1"]

{[%evp 11,77,18,11,6,15,15,27,18,27,14,140,148,143,143,129,114,152,111,128,102,108,116,121,118,122,124,132,123,147,145,165,147,150,141,127,92,139,135,124,121,134,134,131,130,134,136,140,135,142,141,136,134,143,150,185,177,162,123,127,118,220,229,205,214,304,304,410,403]} 1. e4 e6 2. d4 d5 3. Nd2 c5 4. Ngf3 cxd4 5. Nxd4 Nf6 6. exd5 Qxd5 7. Nb5 {C07: French Tarrasch: 3...c5, 4 Ngf3 and 4 exd5 Qxd5} Na6 8. Nc3 Qe5+ 9. Be2 {White has an edge.} Bb4 10. O-O Bxc3 (10... O-O $11) 11. Nc4 $16 ({But not} 11. bxc3 $6 O-O $11) 11... Qd5 12. bxc3 {[%cal Bb2c3,Bc3c4][%mdl 32] Ba3 is the strong threat.} O-O 13. Ba3 Re8 $146 ({Predecessor:} 13... Rd8 14. Bf3 Qxd1 15. Rfxd1 {1-0 (36) Rublevsky,S (2652)-Zagrebelny,S (2485) Tula 2019}) 14. Nd6 Rd8 15. Qxd5 Nxd5 16. Bf3 Rb8 17. c4 Ndb4 18. Rad1 Nc6 19. c3 Na5 20. Nb5 {[%cal Rd1d8]} Re8 21. Bd6 {Black must now prevent Nc7.} ({Don't play} 21. Nxa7 $6 Nxc4 22. Be7 h6 $14) 21... Ra8 22. c5 Nc6 23. Nd4 Nxd4 24. cxd4 Nb4 25. Rb1 Nd5 26. Rfe1 {Hoping for Bxd5.} Rd8 27. Bxd5 exd5 28. Bc7 Rf8 29. Re7 b6 30. c6 $36 {[%mdl 2048] White has strong initiative.} Bf5 31. Rbe1 Rac8 32. R1e5 $1 {[%cal Re5f5]} Be6 {[#]} 33. f4 $1 {[%cal Rf4f5] Strongly threatening f5.} g6 34. g4 Bxg4 35. Rxd5 Be6 {[#]} (35... Rce8 $16 36. Rde5 Rxe7 37. Rxe7 Be6) 36. Rdd7 $1 $18 Bxd7 37. Rxd7 Rfe8 (37... g5 $142 38. fxg5 Kg7) 38. d5 f6 {[#]} 39. Bd8 $1 {[%mdl 512] Accuracy: White = 88%, Black = 53%.} 1-0

[Event "Budapest Spring Festival 2019"]
[Site "Budapest"]
[Date "2019.04.11"]
[Round "3.10"]
[White "Bernadskiy, Vitaliy"]
[Black "Hando, Vilmos"]
[Result "1-0"]
[WhiteElo "2587"]
[BlackElo "2382"]
[Annotator "ChessBase"]
[PlyCount "119"]
[EventDate "2019.04.09"]
[EventType "swiss"]
[EventCountry "HUN"]
[SourceTitle "playchess.com"]
[Source "ChessBase"]
[SourceQuality "1"]
[TimeControl "40/5400+30:1800+30"]

1. e4 {[%emt 0:03:43]} c6 {[%emt 0:00:21]} 2. d4 {[%emt 0:00:30]} d5 3. e5 {[%emt 0:03:48]} Bf5 {[%emt 0:00:28]} 4. h4 {[%emt 0:01:01]} h5 {[%emt 0:00:40]} 5. Bd3 {[%emt 0:00:06]} Bxd3 {[%emt 0:01:09]} 6. Qxd3 {[%emt 0:00:06]} e6 {[%emt 0:06:01]} 7. Bg5 {[%emt 0:01:57]} Qb6 {[%emt 0:00:47]} 8. Nd2 {[%emt 0:00:40]} c5 {[%emt 0:11:02]} 9. c4 {[%emt 0:02:08]} Nc6 {[%emt 0:03:09]} 10. Ngf3 {[%emt 0:01:13]} Nb4 {[%emt 0:12:26]} 11. Qb3 {[%emt 0:00:41]} cxd4 {[%emt 0:00:49]} 12. O-O {[%emt 0:00:31]} f6 {[%emt 0:15:49]} 13. Bf4 {[%emt 0:02:03]} Rd8 {[%emt 0:02:59]} 14. a3 {[%emt 0:03:22]} Nc6 {[%emt 0:01:18]} 15. Qd3 {[%emt 0:00:06]} Kf7 {[%emt 0:08:11]} 16. b4 {[%emt 0:00:59]} a6 {[%emt 0:03:16]} 17. Rfe1 {[%emt 0:06:15]} Nge7 {[%emt 0:06:35]} 18. Rac1 {[%emt 0:00:06]} Rd7 {[%emt 0:02:26]} 19. Bh2 {[%emt 0:02:15]} Rh6 {[%emt 0:05:21]} 20. Qe2 {[%emt 0:02:20]} fxe5 {[%emt 0:04:20]} 21. cxd5 {[%emt 0:04:01]} Rxd5 {[%emt 0:01:31]} 22. Nc4 {[%emt 0:00:57]} Qd8 {[%emt 0:00:26]} 23. Ncxe5+ {[%emt 0:02:05]} Kg8 {[%emt 0:01:17]} 24. Nd3 {[%emt 0:00:30]} Rf5 {[%emt 0:05:10]} 25. Bf4 {[%emt 0:02:33]} Rg6 {[%emt 0:01:16]} 26. Bg5 {[%emt 0:00:05]} Qd6 {[%emt 0:01:14]} 27. Nde5 {[%emt 0:01:06]} Nxe5 {[%emt 0:00:31]} 28. Nxe5 {[%emt 0:00:07]} d3 {[%emt 0:01:28]} 29. Qxd3 {[%emt 0:00:44]} Qxd3 {[%emt 0:00:16]} 30. Nxd3 {[%emt 0:00:05]} Nc6 {[%emt 0:00:24]} 31. f4 {[%emt 0:02:35]} Bd6 {[%emt 0:01:01]} 32. Re4 {[%emt 0:06:38]} e5 {[%emt 0:01:58]} 33. fxe5 {[%emt 0:02:57]} Bxe5 {[%emt 0:00:47]} 34. Rxc6 {[%emt 0:03:06]} Rxc6 {[%emt 0:00:12]} 35. Rxe5 {[%emt 0:00:09]} Rxe5 {[%emt 0:00:18]} 36. Nxe5 {[%emt 0:00:03]} Rc3 {[%emt 0:02:05]} 37. a4 {[%emt 0:00:05]} a5 {[%emt 0:00:26]} 38. bxa5 {[%emt 0:01:15]} Rc5 {[%emt 0:00:12]} 39. Nd7 {[%emt 0:00:28]} Rxa5 {[%emt 0:00:13]} 40. Nb6 {[%emt 0:00:00]} Rf5 {[%emt 0:00:00]} 41. g3 {[%emt 0:03:34]} Kf7 {[%emt 0:02:26]} 42. Bf4 {[%emt 0:00:06]} Rf6 {[%emt 0:02:03]} 43. a5 {[%emt 0:03:04]} Rf5 {[%emt 0:02:08]} 44. Bd2 {[%emt 0:00:53]} Ke6 {[%emt 0:00:53]} 45. Kg2 {[%emt 0:00:31]} Rc5 {[%emt 0:05:30]} 46. Kf3 {[%emt 0:02:52]} Kf5 {[%emt 0:04:37]} 47. Bb4 {[%emt 0:05:56]} Rb5 {[%emt 0:01:42]} 48. Bc3 {[%emt 0:00:17]} Rb3 {[%emt 0:03:55]} 49. Nd5 {[%emt 0:00:06]} g5 {[%emt 0:01:42]} 50. hxg5 {[%emt 0:00:38]} Kxg5 {[%emt 0:00:04]} 51. Ke4 {[%emt 0:00:38]} Kg4 {[%emt 0:00:37]} 52. Be5 {[%emt 0:00:39]} Ra3 {[%emt 0:02:17]} 53. Ne3+ {[%emt 0:01:26]} Kh3 {[%emt 0:01:29]} 54. Nc4 {[%emt 0:00:42]} Rxg3 {[%emt 0:02:38]} 55. Bxg3 {[%emt 0:01:25]} Kxg3 {[%emt 0:00:14]} 56. Nd6 {[%emt 0:02:07]} Kg2 {[%emt 0:02:58]} 57. Nf5 {[%emt 0:00:49]} Kf2 {[%emt 0:00:16]} 58. Kf4 {[%emt 0:00:38]} Kg2 {[%emt 0:00:34]} 59. Kg5 {[%emt 0:00:56]} Kf3 {[%emt 0:00:33]} 60. Nd6 {[%emt 0:00:04]} 1-0